Políticas migratorias y dictadura militar en Argentina (1976-1983): la construcción de un modelo migratorio /
Bewaard in:
| Hoofdauteur: | |
|---|---|
| Formaat: | Boek |
| Taal: | Spanish |
| Tags: |
Voeg label toe
Geen labels, Wees de eerste die dit record labelt!
|
MARC
| LEADER | 00000nam a22000007a 4500 | ||
|---|---|---|---|
| 003 | cru CIDCACS/IIS | ||
| 005 | 20171116132741.0 | ||
| 007 | ta | ||
| 008 | 171116s2016 mx |||p|r|||| 00| 0 spa d | ||
| 999 | |c 40616 |d 40616 | ||
| 040 | |c cru CIDCACS/IIS | ||
| 100 | 1 | |9 6008 |a Sabrina Nejamkis, Lucila | |
| 245 | 1 | |a Políticas migratorias y dictadura militar en Argentina (1976-1983): |b la construcción de un modelo migratorio / |c Lucila Sabrina Nejamkis | |
| 300 | |a páginas 7-29 | ||
| 773 | 0 | |0 19269 |9 1127 |a FLACSO, México |d México: FLACSO |o 19042 |t Perfiles Latinoamericanos / |x 01887653 | |
| 942 | |2 ddc |c PP | ||
